00265nam a22001097a 4500008004100000100002300041245004800064260000900112300001300121650001000134773001100144190402b ||||| |||| 00| 0 eng d aSrivastava, Rakesh aA hygienic environment for mother and child c2018 ap.39-42. aChild aYojana